| 000 | 01640nam0a2200385 4500 | ||
|---|---|---|---|
| 001 | RU\NLR\bibl\1875676 | ||
| 005 | 20260406162433.0 | ||
| 010 | _a978-5-397-02706-9 | ||
| 021 |
_aRU _b2012-8509 _9631 |
||
| 035 | _a(nilc)RSL-KNO-005393376 | ||
| 035 | _a(NLR Aleph) 001865480 | ||
| 090 |
_a2589429 _c2589429 |
||
| 100 | _a20120220d2012 |||y0rusy50 ca | ||
| 101 | 0 | _arus | |
| 102 | _aRU | ||
| 105 | _ay ||||||||| | ||
| 200 | 1 |
_aСпиноза _eего жизнь и сочинения _fС. Г. Ковнер |
|
| 205 |
_aИзд. 3-е _b[репр.] |
||
| 210 |
_aМосква _cURSS _cЛиброком _d2012 |
||
| 215 |
_aXVI, с. 8-173, [4] с. _d22 |
||
| 225 | 1 | _aИз наследия мировой философской мысли: великие философы | |
| 300 | _aНа с. III авт.: Савелий Григорьевич - Саул Гиршович Ковнер | ||
| 320 | _aБиблиогр. в предисл.: с. 7-8 | ||
| 320 | _aСписок изд. соч. Спинозы в конце кн. и в подстроч. примеч. | ||
| 600 | 1 |
_aСпиноза _bБ. _f1632 - 1677 _gБенедикт _91581950 _3RU\NLR\auth\66694363 |
|
| 686 |
_aЮ3(4Н)5-511-2 _2rubbk |
||
| 686 | _aЮ3(4Н)5-511 | ||
| 700 | 1 |
_4070 _8rus _7ca _aКовнер _bС. Г. _f1837-1896 _gСавелий Григорьевич _3RU\NLR\auth\77114662 _997587 |
|
| 702 | 1 |
_4570 _8rus _7ca _aСпиноза _bБ. _f1632-1677 _gБенедикт _3RU\NLR\auth\779367 _9119199 |
|
| 801 | 0 |
_aRU _bRuMoRKP _c20120220 _grcr |
|
| 801 | 1 |
_aRU _bРГБ _c20120220 |
|
| 801 | 2 |
_aRU _bNLR _c20120302 _grcr |
|
| 942 | _cBOOK | ||
| 980 | _aNB | ||